| 000 | 00763cam a22002174a 4500 | ||
|---|---|---|---|
| 001 | 3101976 | ||
| 005 | 20260420112805.0 | ||
| 008 | 990106s1999 nyua b 001 0 eng | ||
| 020 |
_a1568362846 _qalk. paper |
||
| 020 |
_a9781568362847 _q(alk. paper) |
||
| 050 | 0 | 0 |
_aBF575.A5 _bP44 1999 |
| 082 | 0 | 0 |
_a152.4/7 _221 |
| 100 | 1 | _aPeurifoy, Reneau Z. | |
| 245 | 1 | 0 |
_aAnger : _btaming the beast : a step-by-step program for people with explosive anger and those who find it difficult to express anger / _cReneau Z. Peurifoy. |
| 260 |
_aNew York : _bKodansha International, _c1999. |
||
| 300 |
_aviii, 287 p. : _bill. ; _c25 cm. |
||
| 650 | 0 |
_aAnger _xProblems, exercises, etc. |
|
| 650 | 0 |
_aAnger _xCase studies. |
|
| 700 | _aPeurifoy, Reneau Z. | ||
| 942 |
_2lcc _cBK _n0 |
||
| 999 |
_c9263 _d9263 |
||